书目信息 |
| 题名: |
隶体行书字帖
|
|
| 作者: | 梁雨涛 著 | |
| 分册: | ||
| 出版信息: | 南京 南京大学出版社 1990 |
|
| 页数: | 153页 | |
| 开本: | 26cm | |
| 丛书名: | ||
| 单 册: | ||
| 中图分类: | J292.35 | |
| 科图分类: | ||
| 主题词: | 书法--中国 , 篆刻--中国 | |
| 电子资源: | ||
| ISBN: | 7-305-00410-3 | |
| 000 | 00557nam0 2200205 45 | |
| 001 | 0405201630 | |
| 005 | 20040520162000.0 | |
| 010 | @a7-305-00410-3@dCNY4.70 | |
| 100 | @a20040520d1990 km y0chiy0120 ea | |
| 101 | 0 | @achi |
| 105 | @a z 000yy | |
| 200 | 1 | @a隶体行书字帖@ALi Ti Xing Shu Zi Tie@f梁雨涛著@FLiang Yu Tao Zhu |
| 210 | @a南京@c南京大学出版社@d1990 | |
| 215 | @a153页@d26cm | |
| 606 | 0 | @a书法@x中国 |
| 606 | 0 | @a篆刻@x中国 |
| 690 | @aJ292.35@v3 | |
| 701 | 0 | @a梁雨涛@4著 |
| 801 | @aCN@bPftUser@c20040520 | |
| 905 | @f1@b238951@dJ292.35@e250 | |
| 隶体行书字帖/梁雨涛著.-南京:南京大学出版社,1990 |
| 153页;26cm |
| ISBN 7-305-00410-3:CNY4.70 |
| ● |
| 相关链接 |
|
|
|
|
正题名:隶体行书字帖
索取号:J292.35/250
 
预约/预借
| 序号 | 登录号 | 条形码 | 馆藏地/架位号 | 状态 | 备注 |
| 1 | 0238951 | 001209668 | 第一借阅区/ [索取号:J292.35/250] | 在馆 | |
| 2 | 0238952 | 202111614 | 第一样本阅览室/ [索取号:J292.35/250] | 在馆 |